=LDR 00000nam 2200000 4500 =001 INLIS000000000025060 =005 20130612123611 =008 ***********************************Ind** =035 ##$$0010-061300000025060 =041 ##$$a Ind =082 ##$$a 350 =090 ##$$a 350, Lot h =100 ##$$a Lotulung, paulus Effendi =245 ##$$a Himpunan makalah asasa-asas umum pemerintahan yang baik, Paulus Effendi Lotulung =260 ##$$a 1994 $b Bandung =300 ##$$a 180 hlm, 21 cm =650 ##$$a Pemerintahan =850 ##$$a NBPNMAT